Performance Analysis of OFDM and MC-DS-CDMA Communication Techniques /
Saved in:
| 主要作者: | |
|---|---|
| 格式: | Thesis 圖書 |
| 語言: | English |
| 出版: |
2013.
2013. |
| 主題: | |
| 標簽: |
添加標簽
沒有標簽, 成為第一個標記此記錄!
|
| LEADER | 01412cam a2200337 i 4500 | ||
|---|---|---|---|
| 001 | u984623 | ||
| 003 | SIRSI | ||
| 005 | 201312041008 | ||
| 008 | 131204s2013 my a t 000 0 eng m | ||
| 040 | |a UMM |d UMJ | ||
| 090 | |a TK7 |b UM 2013 Ago | ||
| 097 | |a TK7 |b UM 2013 Ago | ||
| 100 | 1 | |a Agour, Hussam Gabr Hafez, |e author. | |
| 245 | 1 | 0 | |a Performance Analysis of OFDM and MC-DS-CDMA Communication Techniques / |c Hussam Gabr Hafez Agour. |
| 260 | 1 | |c 2013. | |
| 264 | 4 | |c 2013. | |
| 300 | |a v, 82 leaves : |b illustrations ; |c 30 cm. | ||
| 336 | |a text |2 rdacontent | ||
| 337 | |a unmediated |2 rdamedia | ||
| 338 | |a volume |2 rdacarrier | ||
| 502 | |b M.Eng. |c Jabatan Kejuruteraan Elektrik, Fakulti Kejuruteraan, Universiti Malaya |d 2013. | ||
| 504 | |a Bibliography: leaves 57-62. | ||
| 650 | 0 | |a Orthogonal frequency division multiplexing. | |
| 650 | 0 | |a Code division multiple access. | |
| 650 | 0 | |a Wireless communication systems. | |
| 710 | 2 | |a Universiti Malaya. |b Jabatan Kejuruteraan Elektrik, |e degree granting institution. | |
| 900 | |a AT-ZA | ||
| 596 | |a 1 7 | ||
| 999 | |a TK7 UM 2013 AGO |w LC |c 1 |i A515712377 |d 20/10/2014 |f 20/10/2014 |g 1 |l STACKS |m P01UTAMA |r Y |s Y |t TESIS |u 16/10/2014 | ||
| 999 | |a TK7 UM 2013 AGO |w LC |c 1 |i A516079801 |d 19/11/2014 |f 19/11/2014 |g 1 |l STACKS |m P07JURUTER |r N |s Y |t TESIS |u 18/11/2014 | ||
| 999 | |a TK7 UM 2013 AGO |w LC |c 2 |i A516079832 |d 19/11/2014 |f 19/11/2014 |g 1 |l COUNTER |m P07JURUTER |r N |s Y |t CD |u 18/11/2014 | ||
